00882cam a22002657a 4500003000500000005001700005008004100022010001000063011001000073035001000083040000900093100001700102245014800119260007800267300001000345410005000355490002900405650001600434650002400450650002400474700001900498700002000517810005000537830002900587CHAP20220329141038.0971013s1995 r 00010 d a61786 a62758 a66933 cCHAP00aCovas, G. F.10aPleiotropismo vs genes ligados para interpretar el efecto del cromosoma 4D de trigo en diferentes componentes del rendimientoc/por G. F. Covas aPergamino, Arg. :bInstituto Nacional de Tecnología Agropecuaria,c1995 a15 p.21aInstituto Nacional de Tecnologia Agropecuaria 0aInforme técnicov; 30314aCromosomas.14aMaízxGenética.14aTrigoxRendimiento.0 aSafont Lis, J.0 aSuárez, E. Y.00aInstituto Nacional de Tecnologia Agropecuaria0 aInforme técnicov; 303